Top Grossing Animated Movies - Statistics

General Stats
  • This quiz has been taken 1,095 times
    21 since last reset
  • The average score is 29 of 50
Answer Stats
Year Box Office (USD) Answer % Correct
2013 1.290B Frozen
90%
2019 1.454B Frozen II
90%
2010 1.067B Toy Story 3
90%
2019 1.073B Toy Story 4
90%
2013 971M Despicable Me 2
86%
2015 1.159B Minions
86%
2017 1.035B Despicable Me 3
81%
2004 632M The Incredibles
81%
2019 1.663B The Lion King
81%
1994 971M The Lion King
81%
2018 1.243B Incredibles 2
76%
2022 940M Minions: The Rise of Gru
76%
2011 560M Cars 2
71%
2017 815M Coco
71%
2015 859M Inside Out
71%
2010 592M Tangled
71%
2016 1.024B Zootopia
71%
2024 971M Despicable Me 4
67%
2016 1.029B Finding Dory
67%
2003 942M Finding Nemo
67%
2024 1.698B Inside Out 2
67%
2004 932M Shrek 2
67%
2010 753M Shrek Forever After
67%
2007 813M Shrek The Third
67%
2009 735M Up
62%
2017 643M Moana
57%
2001 580M Monsters, Inc.
52%
2013 744M Monster's University
52%
2023 691M Spider-Man: Across the Spider-Verse
52%
2014 658M Big Hero 6
48%
2014 622M How to Train Your Dragon 2
48%
2008 632M Kung Fu Panda
48%
2011 666M Kung Fu Panda 2
48%
2011 555M Puss In Boots
48%
2007 624M Ratatouille
48%
2016 876M The Secret Life of Pets
48%
2024 548M Kung Fu Panda 4
43%
2024 1.054B Moana 2
43%
2019 726M Ne Zha
43%
2025 2.045B Ne Zha 2
43%
2008 604M Madagascar: Escape To Africa
38%
2012 877M Ice Age: Continental Drift
33%
2009 887M Ice Age: Dawn Of The Dinosaurs
33%
2012 747M Madagascar 3: Europe's Most Wanted
33%
2016 634M Sing
33%
2013 587M The Croods
33%
2023 1.363B The Super Mario Bros. Movie
33%
2006 667M Ice Age: Meltdown
29%
2025 730M Demon Slayer: Infinity Castle
19%
2024 701M Mufasa: The Lion King
5%
No matching quizzes found
Score Distribution
Percent of People with Each Score
Percentile by Number Answered
Your Score History
You have not taken this quiz since the last reset